Eastern Utah Libraries Catalog: Duchesne, Heber, Roosevelt, & Vernal

Planets / (Record no. 409090)

MARC details
000 -LEADER
fixed length control field 01117nam a22002775 4500
001 - CONTROL NUMBER
control field BK0033044304
005 - DATE AND TIME OF LATEST TRANSACTION
control field 20251209140606.0
008 - FIXED-LENGTH DATA ELEMENTS--GENERAL INFORMATION
fixed length control field 250511s2025 xx 000 0 eng d
020 ## - INTERNATIONAL STANDARD BOOK NUMBER
International Standard Book Number 9798217051816 : HRD
Terms of availability 16.99
020 ## - INTERNATIONAL STANDARD BOOK NUMBER
Terms of availability 16.99
037 ## - SOURCE OF ACQUISITION
Source of stock number/acquisition Penguin Group USA, Order Processing Dept 120 Woodbine st, Bergenfield, NJ, USA, 07621
Note SAN 201-3975
040 ## - CATALOGING SOURCE
Description conventions rda
050 ## - LIBRARY OF CONGRESS CALL NUMBER
Classification number PE
082 ## - DEWEY DECIMAL CLASSIFICATION NUMBER
Classification number 428
092 ## - LOCALLY ASSIGNED DEWEY CALL NUMBER (OCLC)
Classification number children nonfiction
Item number Jospitre
100 1# - MAIN ENTRY--PERSONAL NAME
Personal name Jospitre, Sarah
9 (RLIN) 6546453
245 00 - TITLE STATEMENT
Title Planets /
Statement of responsibility, etc Sarah Jospitre
264 #1 - Production, Publication, Distribution, Manufacture, and Copyright Notice.
Name of producer, publisher, distributor, manufacturer Penguin Group USA :
Date of production, publication, distribution, manufacture, or copyr 2025
Place of production, publication, distribution, manufacture New York,
300 ## - PHYSICAL DESCRIPTION
Extent 32 p. ;
Other physical details color photographs
520 ## - SUMMARY, ETC.
Summary, etc Have you ever wondered if there is life on Mars? Or why Pluto is now considered a dwarf planet? Or if water exists anywhere else but on Earth? Learn the answers to these questions and more in this photo-filled early reader perfect for young astronomers.
521 ## - TARGET AUDIENCE NOTE
Target audience note Ages 6-8
650 #0 - SUBJECT ADDED ENTRY--TOPICAL TERM
Topical term or geographic name as entry element Planets
Form subdivision Juvenile literature.
9 (RLIN) 5717187
650 #0 - SUBJECT ADDED ENTRY--TOPICAL TERM
Topical term or geographic name as entry element Science
Form subdivision Juvenile literature.
9 (RLIN) 5744727
650 #0 - SUBJECT ADDED ENTRY--TOPICAL TERM
Topical term or geographic name as entry element Astronomy
Form subdivision Juvenile literature.
9 (RLIN) 5681301
942 ## - ADDED ENTRY ELEMENTS (KOHA)
Source of classification or shelving scheme Dewey Decimal Classification
Koha item type BOOK
Holdings
Withdrawn status Lost status Source of classification or shelving scheme Damaged status Not for loan Collection code Home library Current library Shelving location Date acquired Source of acquisition Total Checkouts Total Renewals Full call number Barcode Date last seen Date checked out Cost, replacement price Price effective from Koha item type
    Dewey Decimal Classification     Children NonFiction Wasatch County Library Wasatch County Library Main Floor Childrens Area 12/09/2025 Ingram 2 1 E Science Space Jospitre 34301002174888 02/09/2026 01/21/2026 16.99 12/09/2025 BOOK
This project was made possible through a grant from the Institute of Museum and Library Service administered by the Utah State Library Division.

Wasatch County Library

  • 465 East 1200 South, Heber City, Utah 84032
  • Phone 435-654-1511 | Fax 435-654-6456

Hours

  • Monday - Friday 9:30 AM - 8:00 PM
  • Saturday 9:30 AM - 1:30 PM
  • Closed Sundays and Holidays